Containerisation international yearbook 2006

Αποθηκεύτηκε σε:
Λεπτομέρειες βιβλιογραφικής εγγραφής
Άλλοι συγγραφείς: Degerlund, Jane (Επιμελητής έκδοσης)
Μορφή: Βιβλίο
Γλώσσα:English
Δημοσίευση: London : Informa, c2006
Θέματα:
Ετικέτες: Προσθήκη ετικέτας
Δεν υπάρχουν, Καταχωρήστε ετικέτα πρώτοι!

MARC

LEADER 00000nam a2200000 i 4500
001 1/75768
008 080225s2006 eng d
020 |a 1-84311-485-2 
035 |l 10095003 
040 |a GR-MY-UA  |b gre  |e aacr 
041 0 |a eng 
082 0 |a 380.52  |2 (22) 
245 1 0 |a Containerisation international yearbook 2006 /  |c editor Jane Degerlund 
260 |a London :   |b Informa,   |c c2006 
300 |a 902 σ.;  |b εικ.;  |c 31 εκ. 
504 |a Περιλαμβάνει ευρετήριο 
650 0 0 |a Containerization. 
700 1 |a Degerlund, Jane.  |4 edt 
852 |a INST  |b CHIOS  |e 20080225  |h 380.52 CON  |p 005200027748  |q 005200027748  |t BK  |y 600 
901 |a BIBL2-2008-1 
909 |a Χ  |b 131651 
922 |a 2ΕΛΗ  |b 200801  |c ΕΠΕΑΕΚ2/ΤΝΕΥ  |d ΕΛΕΥΘΕΡΟΥΔΑΚΗΣ 
970 |a ΒΑΡΦΗΣ  |b ΒΑΓΓΕΛΗΣ  |z 2008/02/25